00654 2200241 4500001002100000005001700021008004100038020002200079035002400101082001100125090002100136100001600157245003000173250001000203260004500213300002900258650001500287990002200302990002200324999002200346999002200368999002200390YOGYA-0611000000054320160928145410.0 ind  a978-979-042-143-1 0010-061100000000543 a551.22 aDEP 551.22 The T aTHEO, Frans aTentang gempacFrans theo aCet.1 aYogyakartabEmpat Pilar Pendidikanc2008 a1,2,3 jilidbilusc25 cm aGempa bumi aCB-D.11/2008-1668 aCB-D.11/2008-1669 aCB-D.11/2008-1919 aCB-D.11/2008-1920 aCB-D.11/2008-1921